000 00537nam a2200181Ia 4500
008 151018s9999 xx 000 0 und d
082 _bRBASDV30078
_a891.463
100 _aसुरेश मथुरे
245 _aअलबाजार
250 _b1
260 _bमृण्मयी त्रिवेदी
_c1996
300 _a80
600 _aसुरेश मथुरे
630 _aअलबाजार
700 _aसुरेश मथुरे
730 _aअलबाजार
942 _cBOOK
999 _c1029621
_d1029618